000 00613nam a2200241Ia 4500
003 OSt
005 20221007100734.0
006 a|||||r|||| 00| 0
007 ta
008 221006b |||||||| |||| 00| 0 eng d
024 _a5,026
037 _cTextual
040 _aLCO
_cLCO
_beng
041 _2eng
_aeng
082 _aZ2,98:1, L8
100 _aGURHA M G
_9232873
245 0 _aGuide to the deeds
260 _aAllahabad
_bModern law house.
_c1978
300 _a264
650 _aGUIDE TO THE DEEDS
_9702062
942 _hZ2,98:1, L8
_cTEXL
999 _c1174589
_d1174589